000 00508nam a2200169 a 4500
001 000035342
005 20200930074255.0
008 111027s1966 enk 000 0 spa d
040 _aDO-SdBNP
_bspa
_cBNPHU
082 _axxxx
_bM647q
100 1 _aMiller, Henry
_949604
245 1 0 _aQuiet days in clichy /
_cHenry Miller.
260 _aLondon :
_bNew English Library,
_c1966.
300 _a128 p. ;
_c18 cm.
590 _aPerteneció a la biblioteca personal de Juan Isidro Jimenes Grullón
049 _aBNGR
999 _c34833
_d34833